000 00585nam a2200181Ia 4500
008 100920s9999 xx 000 0 und d
082 _b40165
_a28 व 491 थ 68
100 _aदेवळे शं रा.
245 _aकलिंग विजय.
260 _bचित्रशाळा प्रकाशन.पुणे2.
_c1968
300 _a22
_bसाधी
365 _b0.5
520 _aबा.वि.नाटक.
630 _aकलिंग विजय.
650 _aबा.वि.नाटक.
730 _aकलिंग विजय.
942 _cBOOK
999 _c691360
_d691357